000
00306nam a2200145Ia 4500
005
20260513122049.0
020
_a
9780646545097
100
_a
Franklin
365
_c
Rs.
365
_b
10.00
942
_c
BK
245
_a
Proof in Mathematics: An Introduction
260
_b
Kew Books
999
_c
5
_d
5